| 000 | 00452 a2200157 4500 | ||
|---|---|---|---|
| 005 | 20260330110125.0 | ||
| 008 | 260305b |||||||| |||| 00| 0 eng d | ||
| 020 | _a9789353458621 | ||
| 080 |
_a94(540:549.3) _bDAS/I |
||
| 100 | _a Dasgupta,Chandrashekhar | ||
| 245 | _aIndia and the Bangladesh liberation war | ||
| 260 |
_bJuggernaut _aNew Delhi. _c2024. |
||
| 300 | _a307p. | ||
| 653 | _aBangladesh Liberation War-Indo-Soviet Treaty | ||
| 942 | _cOO | ||
| 999 |
_c114424 _d114423 |
||